=LDR 00000nam 2200000 4500 =001 INLIS000000000053761 =005 20200313013907 =035 ##$$a 0010-0219000018 =007 ta =008 200313################g##########0#ind## =020 ##$$a 978-602-966-750-9 =082 ##$$a 297.1 =084 ##$$a 297.1 ABU c =100 #$$a Abu Hurri Al-Qosimi Al-hafizh =245 1#$$a Cepat dan Kuat Hafal Juz 'Amma Metode Al-Qosimi : $b Cocok lembaga digunakan pribadi maupun lembaga pendidikan ( Guru dan Murid ) /$c Abu Hurri Al-Qosimi Al-hafizh; Editor, Toni cs =260 ##$$a Solo :$b Al-Hurri,$c 2010 =300 ##$$a 184 hlm. ; $c 14,5 x 20, 5 cmj =650 #4$$a Al-Qur'an-JuzAmma =250 ##$$a Cet. 1 =990 ##$$a 31800226